Descentralización Reto nacional Una forma de conjugar las energías de todos los Colombianos para lograr un desarrollo integral (Registro nro. 20641)

Detalles MARC
000 -ENCABEZADO
Número de control [NR] 01142nam a2200217Ia 4500
008 - DE LONGITUD FIJA DE DATOS DE ELEMENTOS - INFORMACIÓN GENERAL
Elementos de longitud fija [NR] 130821s ck gr spa
020 ## - NUMERO INTERNACIONAL NORMALIZADO PARA LIBROS [R]
Número Internacional Normalizado del libro [NR] 9589077099
040 ## - FUENTE DE CATALOGACION [NR]
Agencia de catalogación original [NR] Co-BoUCM
Idioma de catalogación [NR] spa
041 00 - CODIGO DE IDIOMA [R]
Código de idioma para texto/pista de sonido o título separado [R] Español
100 ## - ASIENTO PRINCIPAL--NOMBRE PERSONAL [NR]
Nombre personal [NR] Hoyos Aristizabal, Luis Alfonso
ID Autoridad 156519
245 00 - MENCION DE TITULO [NR]
Título [NR] Descentralización Reto nacional Una forma de conjugar las energías de todos los Colombianos para lograr un desarrollo integral
Mención de responsabilidad, etc. [NR] Luis Alfonso Hoyos Aristizabal
260 ## - PUBLICACION, DISTRIBUCION, ETC. (PIE DE IMPRENTA) [R]
Lugar de publicación, distribución, etc. [R] Bogotá (Cundinamarca, Colombia)
Nombre del editor, distribuidor, etc. [R] [Editorial desconocida]
Fecha de publicación, distribución, etc. [R] [fecha desconocida]
300 ## - DESCRIPCION FISICA [R]
Extensión [R] [1 volumen]
505 ## - NOTA DE CONTENIDO CON FORMATO PREESTABLECIDO [R]
Nota de contenido con formato preestablecido [NR] Contenido
-- El reto de la descentralización.-- El proceso de descentralización en Colombia : evaluación desde una perspectiva financiera.-- Transferencias de responsabilidades a los entes territoriales.-- La situación cafetera.-- Incluye índice y bibliografía
650 04 - ASIENTO SECUNDARIO DE MATERIA - TERMINO TEMATICO [R]
Término temático o nombre geográfico como elemento de entrada [NR] Administración pública
9 (RLIN) 355
650 04 - ASIENTO SECUNDARIO DE MATERIA - TERMINO TEMATICO [R]
Término temático o nombre geográfico como elemento de entrada [NR] Descentralización administrativa
9 (RLIN) 156
700 ## - ASIENTO SECUNDARIO - NOMBRE PERSONAL [R]
Nombre personal [NR] Jiménez Mejía, Bernardo José
9 (RLIN) 156520
700 ## - ASIENTO SECUNDARIO - NOMBRE PERSONAL [R]
Nombre personal [NR] Molano Aponte, Diego Andrés
9 (RLIN) 156521
942 ## - ELEMENTOS DE ENTRADA AGREGADOS (KOHA)
Tipo de ítem principal el descrito en 300a Libro
Tema principal Administración
Edición 1
Parte restante de la signatura top. H69
Sistema de clasificación DEWEY
Clasificación 350.0073
Existencias
Fecha de último préstamo Total préstamos Signatura topográfica Código de barras Última vez visto Volúmen / Fascículo Ejemplar Price effective from Tipo de ítem Perdido Sistema de clasificación Dañado No prestable Tipo de ítem específico Suprimido Ubicación habitual Ubicación actual Localización Fecha de creación Forma de adquisición Costo
01/09/2015 7 350.0073 H69 100047610 10/12/2025 1A. ED Ej.2 03/02/2013 Libro   DEWEY     Libro   Claustro Claustro 2do piso 28/02/2003 Donación 5000.00